000 00490nam a2200157 i 4500
001 20492
003 ES-MaACL
005 20230906152319.0
007 t|
008 021113s1923 fr ||||1| fre d
110 2 _aAcadémie de Droit International (La Haye)
_91229
245 1 0 _aSeance solemelle d'inaguration
_b: 14 juillet 1923 /
_cAcadémie de Droit International. La Haye.
260 _aParís :
_bChaix,
_c1923.
300 _a20 p. ;
_c24 cm.
852 _aES-MaACL
_j1672-F-11
_bR.4378
999 _c20492
_d20492